<?xml version="1.0" encoding="UTF-8"?>
<record
    xmlns:xsi="http://www.w3.org/2001/XMLSchema-instance"
    xsi:schemaLocation="http://www.loc.gov/MARC21/slim http://www.loc.gov/standards/marcxml/schema/MARC21slim.xsd"
    xmlns="http://www.loc.gov/MARC21/slim">

  <leader>00781nam a2200217 i 4500</leader>
  <controlfield tag="001">bgj</controlfield>
  <datafield tag="100" ind1="1" ind2=" ">
    <subfield code="a">PONSONBY, Mimi</subfield>
  </datafield>
  <datafield tag="245" ind1="1" ind2="0">
    <subfield code="a">How now, Brown cow ? :</subfield>
    <subfield code="b">a course in the pronunciation of English, with exercises and dialogues /</subfield>
    <subfield code="c">by Mimi Ponsonby ; illustrated by Duncan.</subfield>
  </datafield>
  <datafield tag="260" ind1=" " ind2=" ">
    <subfield code="a">Hemel Hempstead :</subfield>
    <subfield code="b">Prentice Hall Europe ELT,</subfield>
    <subfield code="c">1998.</subfield>
  </datafield>
  <datafield tag="300" ind1=" " ind2=" ">
    <subfield code="a">XIII, 123 pp :</subfield>
    <subfield code="b">ill. ;</subfield>
    <subfield code="c">24 cm.</subfield>
  </datafield>
  <datafield tag="500" ind1=" " ind2=" ">
    <subfield code="a">1st publ. 1982 by Pergamon Press.</subfield>
  </datafield>
  <datafield tag="500" ind1=" " ind2=" ">
    <subfield code="a">This edition 1st published in 1992 by Prentice Hall International (UK).</subfield>
  </datafield>
  <datafield tag="650" ind1=" " ind2="9">
    <subfield code="a">English language</subfield>
    <subfield code="x">Pronunciation</subfield>
  </datafield>
  <datafield tag="655" ind1=" " ind2=" ">
    <subfield code="a">Textbooks for foreigners</subfield>
  </datafield>
  <datafield tag="020" ind1=" " ind2=" ">
    <subfield code="a">0134243269 (pbk)</subfield>
  </datafield>
  <datafield tag="040" ind1=" " ind2=" ">
    <subfield code="c">BPK</subfield>
  </datafield>
  <datafield tag="041" ind1="0" ind2=" ">
    <subfield code="a">eng</subfield>
  </datafield>
  <datafield tag="920" ind1=" " ind2=" ">
    <subfield code="a">0-13-424326-9 (pbk)</subfield>
  </datafield>
  <datafield tag="942" ind1=" " ind2=" ">
    <subfield code="c">KS</subfield>
  </datafield>
  <controlfield tag="008">      s        uk     f     |000 0 eng  </controlfield>
  <datafield tag="999" ind1=" " ind2=" ">
    <subfield code="c">48327</subfield>
    <subfield code="d">48327</subfield>
  </datafield>
  <datafield tag="856" ind1=" " ind2=" ">
    <subfield code="u">http://koha.tu.koszalin.pl/cgi-bin/koha/opac-detail.pl?biblionumber=48327</subfield>
    <subfield code="y">Katalog online BPK</subfield>
  </datafield>
  <datafield tag="952" ind1=" " ind2=" ">
    <subfield code="0">0</subfield>
    <subfield code="1">0</subfield>
    <subfield code="4">0</subfield>
    <subfield code="7">1</subfield>
    <subfield code="a">BPK</subfield>
    <subfield code="b">BPK</subfield>
    <subfield code="c">eh</subfield>
    <subfield code="o">KA 5569</subfield>
    <subfield code="p">09085749</subfield>
    <subfield code="t">811.111'34 Ja-f</subfield>
    <subfield code="y">KS</subfield>
  </datafield>
  <datafield tag="952" ind1=" " ind2=" ">
    <subfield code="0">0</subfield>
    <subfield code="1">0</subfield>
    <subfield code="4">0</subfield>
    <subfield code="7">0</subfield>
    <subfield code="a">BPK</subfield>
    <subfield code="b">BPK</subfield>
    <subfield code="c">kw</subfield>
    <subfield code="o">KA 5570</subfield>
    <subfield code="p">09085756</subfield>
    <subfield code="y">KS</subfield>
  </datafield>
  <datafield tag="952" ind1=" " ind2=" ">
    <subfield code="0">0</subfield>
    <subfield code="1">0</subfield>
    <subfield code="4">0</subfield>
    <subfield code="7">0</subfield>
    <subfield code="a">BPK</subfield>
    <subfield code="b">BPK</subfield>
    <subfield code="c">kw</subfield>
    <subfield code="o">KA 5571</subfield>
    <subfield code="p">09085763</subfield>
    <subfield code="y">KS</subfield>
  </datafield>
  <datafield tag="952" ind1=" " ind2=" ">
    <subfield code="0">0</subfield>
    <subfield code="1">0</subfield>
    <subfield code="4">0</subfield>
    <subfield code="7">0</subfield>
    <subfield code="a">BPK</subfield>
    <subfield code="b">BPK</subfield>
    <subfield code="c">kw</subfield>
    <subfield code="o">KA 5572</subfield>
    <subfield code="p">09085770</subfield>
    <subfield code="y">KS</subfield>
  </datafield>
  <datafield tag="952" ind1=" " ind2=" ">
    <subfield code="0">0</subfield>
    <subfield code="1">0</subfield>
    <subfield code="4">0</subfield>
    <subfield code="7">0</subfield>
    <subfield code="a">BPK</subfield>
    <subfield code="b">BPK</subfield>
    <subfield code="c">kw</subfield>
    <subfield code="o">KA 5573</subfield>
    <subfield code="p">09085787</subfield>
    <subfield code="y">KS</subfield>
  </datafield>
  <datafield tag="952" ind1=" " ind2=" ">
    <subfield code="0">0</subfield>
    <subfield code="1">0</subfield>
    <subfield code="4">0</subfield>
    <subfield code="7">0</subfield>
    <subfield code="a">BPK</subfield>
    <subfield code="b">BPK</subfield>
    <subfield code="c">kw</subfield>
    <subfield code="o">KA 5574</subfield>
    <subfield code="p">09085794</subfield>
    <subfield code="s">2021-10-13</subfield>
    <subfield code="y">KS</subfield>
  </datafield>
</record>
